| 000 | 00937cam a22002771 4500 | ||
|---|---|---|---|
| 001 | 3614 | ||
| 003 | BD-RjUL | ||
| 005 | 20211208233747.0 | ||
| 008 | 131219s1954 xx 001 0 eng | ||
| 035 | _a(BD-RjUL)3648 | ||
| 035 | _a(OCoLC)1594352 | ||
| 040 |
_aDLC _cFU-L _dBD-RjUL _beng |
||
| 041 | _aeng | ||
| 082 | 0 | 4 |
_a341.57 _bDRL |
| 100 | 1 |
_aDrion, Huibert _911447 |
|
| 245 | 1 | 0 |
_aLimitation of liabilities in international air law / _cH. Drion |
| 260 |
_aThe Hague : _bNijhoff, _cc1954. |
||
| 300 |
_axxvii, 389 p. ; _c24cm. |
||
| 500 | _a"Deal[s] with the problems arising in connection with limitation of liability under the Warsaw Convention of 1929 and under the two Rome Conventions of 1933 and 1952 on surface damage." | ||
| 504 | _aInclude index. | ||
| 650 | 0 |
_aLiability for aircraft accidents. _911448 |
|
| 650 | 0 |
_aLimited liability. _911449 |
|
| 942 |
_2ddc _cBK |
||
| 999 |
_c3614 _d3614 |
||